00756nam a2200229 i 4500001000300000100002200003245006000025260006400085300002000149504002800169650004600197020001500243040000800258041000800266080002200274920001800296942000700314008004100321999001700362856009800379952004900477bg1 aMAKOWSKA, Barbara10aUstalenie kapitału początkowego /cBarbara Makowska. aGdańsk :bOśrodek Doradztwa i Doskonalenia Kadr,c2001. a70 s. ;c24 cm. aWykaz aktów prawnych. 9aEmeryturaxprawozPolskaystan na 2000 r. a8371875347 cBPK0 apol a349.3:369.5](438) a83-71875-34-7 cKS s pl f |000 0 pol  c52030d52030 uhttp://koha.tu.koszalin.pl/cgi-bin/koha/opac-detail.pl?biblionumber=52030yKatalog online BPK 00104070aBPKbBPKcwo79694p02328577yKS